Gran atlas McMinn de anatomía humana / (Registro nro. 11517)

Detalles MARC
000 -LIDER
fixed length control field 01392nam a22003617a 4500
001 - NÚMERO DE CONTROL
Identificador de número de control 000540
003 - IDENTIFICACDOR DE NÚMERO DE CONTROL
control field DO-SdBNP
005 - DATE AND TIME OF LATEST TRANSACTION
control field 20220622102352.0
007 - CAMPOS FIJOS DE DESCRIPCIÓN FÍSICA
fixed length control field 000540
008 - ELEMENTOS DE LONGITUD FIJA
fixed length control field 161011b 2013 sp a 00| 0 spa d
020 ## - ISBN
International Standard Book Number 9788475550992
040 ## - FUENTE DE CATALOGACIÓN
Agencia que crea de manera original el registro BPMSU
Idioma de catalogación spa
Agencia que realiza la transcripción BPMSU
082 #4 - NÚMERO DE CLASIFICACIÓN DECIMAL DE DEWEY
Classification number R611
Item number A159g 2015
Edition number 22
100 1# - ASIENTO PRINCIPAL -- NOMBRE PERSONAL
Nombre personal Abrahams, Peter H.
Fechas asociadas con el nombre 1919-
245 10 - MENCIÓN DE TITULO
Título Gran atlas McMinn de anatomía humana /
Mención de responsabilidad Peter H. Abrahams, Sandy C. Marks Jr., Ralph Hutchings
246 ## - VARIACION DEL TÍTULO
Título propiamente dicho o título corto McMinn's color atlas of human anatomy.
250 ## - MENCIÓN DE EDICION
Mención de edición
260 ## - PUBLICACIÓN, DISTRIBUCIÓN, ETC. (PIE DE IMPRENTA)
Lugar de publicación, distribución, etc Barcelona :
Nombre del editor, distribuidor, etc. Oceano,
Fecha de publicación, distribución, etc 2013
300 ## - DESCRIPCIÓN FÍSICA
Extensión 378 p. :
Otros detalles físicos il. ;
Dimensiones 29 cm.
500 ## - NOTA GENERAL
Nota general Versión en español de la 5a edición de la obra original en inglés McMinn's colour atlas of human anatomy.
500 ## - NOTA GENERAL
Nota general Incluye índice
505 0# - NOTA DE CONTENIDO
Título Revisión sistémica --
-- Cabeza, cuello y encéfalo --
-- Columna vertebral y médula espinal --
-- Miembro superior --
-- Tórax --
-- Abdomen y pelvis --
-- Miembros inferior --
-- Apéndices
534 ## - NOTA SOBRE LA VERSIÓN ORIGINAL
Asiento principal del original Título del original :
Mención del título original McMinn's colour atlas of human anatomy.
Frase introductoria
590 ## - NOTA LOCAL
Enlace Inventariado. 2022/VM
650 #4 - ENCABEZAMIENTO DE MATERIA--TEMÁTICO
Término temático o nombre geográfico como elemento de entrada Anatomía humana
Subdivisión de forma Atlas.
700 12 - ASIENTO SECUNDARIO -- NOMBRE PERSONAL
Nombre personal Marks, Sandy . C.
700 1# - ASIENTO SECUNDARIO -- NOMBRE PERSONAL
Nombre personal Hutchings, R. T.
ISSN
710 2# - ASIENTO SECUNDARIO -- NOMBRE CORPORATIVO
Nombre corporativo o de jurisdicción Oceano
910 ## - VALIDACIÓN
Validación VMateo/Validado. Control de calidad MFF
942 ## - ADDED ENTRY ELEMENTS (KOHA)
Source of classification or shelving scheme Dewey Decimal Classification
Koha item type Libros
945 ## - INFORMACIÓN DE PROCESAMIENTO LOCAL
Información de procesamiento local Inventariado / 2017 VM
956 ## - LOCAL ELECTRONIC LOCATION AND ACCESS (OCLC)
Método de acceso LOPEREZ
Materiales especificados 10
Enlace 20161011
Campo enlazado y núm. de secuencia BPMSU
Nombre de host 00041
Existencias
Withdrawn status Lost status Source of classification or shelving scheme Damaged status Not for loan Collection code Home library Current library Date acquired Source of acquisition Full call number Barcode Date last seen Price effective from Koha item type Copy number
    Dewey Decimal Classification     Colección de Referencia General Biblioteca Pública Metropolitana Salomé Ureña Biblioteca Pública Metropolitana Salomé Ureña 10/11/2016 Compra BPMSU CGR R611 A159g 2013 BPMSU22060039 10/11/2016 10/11/2016 Libros  
    Dewey Decimal Classification     Colección de Referencia General Biblioteca Pública Metropolitana Salomé Ureña Biblioteca Pública Metropolitana Salomé Ureña 10/11/2016 Compra BPMSU CGR R611 A159g 2015 BPMSU16100167 10/11/2016 10/11/2016 Libros e.2
    Dewey Decimal Classification     Colección de Referencia General Biblioteca Pública Metropolitana Salomé Ureña Biblioteca Pública Metropolitana Salomé Ureña 10/11/2016 Compra BPMSU CGR R611 A159g 2015 BPMSU16100168 10/11/2016 10/11/2016 Libros e.3